[Event "WALTON BAN-chT 2019"]
[Site "Bangladesh"]
[Date "2019.12.15"]
[Round "9.9"]
[White "Labib, Ibrahim Hasan"]
[Black "Ahmed, Sheikh Nasir"]
[Result "0-1"]
[WhiteElo "2409"]
[BlackElo "2187"]
[Annotator "TA"]
[PlyCount "78"]
[EventDate "2019.12.07"]
[EventType "team-tourn"]
[EventCountry "BAN"]
[SourceTitle "playchess.com"]
[Source "ChessBase"]
[SourceQuality "1"]

{[%evp 17,78,2,15,-12,-12,-24,-4,-6,25,0,0,-3,0,-10,-6,-10,0,-6,13,18,20,20,16,0,0,0,0,0,0,-10,0,0,0,-33,-14,-25,-27,-23,-25,-26,-14,-20,-17,-45,-19,-25,-23,-464,-461,-485,-482,-479,-470,-485,-479,-434,-384,-471,-357,-376,-322,-1696,-620]} 1. d4 Nf6 2. c4 e6 3. g3 c6 4. Bg2 d5 5. Nf3 Be7 6. O-O O-O 7. b3 Nbd7 8. Bb2 b6 9. Nbd2 Bb7 10. cxd5 {E07: Closed Catalan: Main Line (5 Nf3 0-0 6 0-0 Nbd7)} (10. Rc1 Rc8 11. e3 dxc4 12. Nxc4 c5 13. Qe2 cxd4 14. Nxd4 Bxg2 15. Kxg2 a6 16. Nf3 b5 17. Nce5 Qb6 18. Nxd7 {½-½ (18) Dubov,D (2691)-Korobov,A (2664) Abu Dhabi 2018}) 10... cxd5 11. Rc1 Bd6 $146 ({Predecessor:} 11... Rc8 12. Rxc8 Qxc8 13. Qb1 Qb8 14. Rc1 Rc8 15. h3 Rc7 16. Ne1 Qc8 17. Rxc7 Qxc7 {1-0 (39) Wihlborn,B (1866)-Rough,R (1762) Caleta 2012}) 12. Ne5 {The position is equal.} Qe7 13. Nc6 Qe8 14. Ne5 Rc8 15. Rxc8 Qxc8 16. Qb1 Ba6 17. Rc1 Qb7 18. e4 Bb4 19. exd5 Nxd5 20. Ndc4 N7f6 21. a3 Be7 22. Ne3 Rc8 23. Rc4 Qa8 24. Nxd5 Nxd5 25. Bf3 Bd6 26. Rc1 Bb7 27. Qe4 Rxc1+ 28. Bxc1 Qf8 29. Nc4 Be7 30. h4 Ba6 31. h5 Qc8 {Threatens to win with ...b5.} 32. Qd3 $2 {[%mdl 8192]} (32. Qc2 $11 {and White has nothing to worry.}) 32... b5 $1 $19 {[%cal Bb6b5,Bb5c4,Bc4b3][%mdl 32]} 33. Bxd5 exd5 {[%mdl 64] Pin} 34. Qe3 bxc4 35. Qxe7 cxb3 36. Qe3 {[#]} h6 $1 37. Kg2 Bc4 38. Bb2 Qf5 39. Qe5 $2 {[#]} (39. Qd2) 39... Qc2 {Accuracy: White = 33%, Black = 36%.} (39... Bf1+ $142 $1 {[%mdl 512]} 40. Kg1 (40. Kxf1 Qb1+) 40... Qb1) 0-1

[Event "WALTON BAN-chT 2019"]
[Site "Bangladesh"]
[Date "2019.12.15"]
[Round "9.10"]
[White "Islam, Khandaker Aminul"]
[Black "Subedi, Rajan"]
[Result "1-0"]
[WhiteElo "2206"]
[BlackElo "1949"]
[Annotator "RC"]
[PlyCount "75"]
[EventDate "2019.12.07"]
[EventType "team-tourn"]
[EventCountry "BAN"]
[SourceTitle "playchess.com"]
[Source "ChessBase"]
[SourceQuality "1"]
[TimeControl "5400+30"]

1. d4 {[%emt 0:00:00]} d5 {[%emt 0:00:00]} 2. Bf4 {[%emt 0:00:00]} c5 {[%emt 0:00:09]} 3. e3 {[%emt 0:00:00]} Nc6 {[%emt 0:00:15]} 4. c3 {[%emt 0:00:02]} Qb6 {[%emt 0:00:24]} 5. Qb3 {[%emt 0:00:29]} c4 {[%emt 0:00:21]} 6. Qc2 {[%emt 0:00:03]} Bf5 {[%emt 0:02:55]} 7. Qxf5 {[%emt 0:00:08]} Qxb2 {[%emt 0:00:08]} 8. Qxd5 {[%emt 0:00:09]} Qxa1 {[%emt 0:00:57]} 9. Qb5 {[%emt 0:00:06]} O-O-O {[%emt 0:02:21]} 10. Bxc4 {[%emt 0:00:34]} e5 {[%emt 0:00:10]} 11. Ne2 {[%emt 0:00:51]} exf4 {[%emt 0:01:28]} 12. O-O {[%emt 0:00:10]} Bb4 {[%emt 0:02:56]} 13. Qf5+ {[%emt 0:01:43]} Kb8 {[%emt 0:02:50]} 14. Qc2 {[%emt 0:00:10]} fxe3 {[%emt 0:02:02]} 15. fxe3 {[%emt 0:00:10]} Bd6 {[%emt 0:00:59]} 16. Nd2 {[%emt 0:02:40]} Qxf1+ {[%emt 0:00:47]} 17. Nxf1 {[%emt 0:00:11]} Nh6 {[%emt 0:00:32]} 18. e4 {[%emt 0:01:14]} f6 {[%emt 0:00:13]} 19. Qb2 {[%emt 0:02:04]} Rhe8 {[%emt 0:00:12]} 20. Bb5 {[%emt 0:04:06]} Rc8 {[%emt 0:01:53]} 21. d5 {[%emt 0:01:43]} Ne5 {[%emt 0:00:45]} 22. Bxe8 {[%emt 0:00:09]} Rxe8 {[%emt 0:00:14]} 23. h3 {[%emt 0:00:49]} Nhf7 {[%emt 0:00:16]} 24. Nd2 {[%emt 0:02:05]} Bc5+ {[%emt 0:01:16]} 25. Nd4 {[%emt 0:01:19]} Nd6 {[%emt 0:01:31]} 26. Qb1 {[%emt 0:01:04]} a6 {[%emt 0:00:40]} 27. Kh1 {[%emt 0:00:57]} g5 {[%emt 0:01:37]} 28. Ne6 {[%emt 0:01:09]} Be3 {[%emt 0:01:39]} 29. Nf3 {[%emt 0:01:26]} h5 {[%emt 0:01:31]} 30. Nxe5 {[%emt 0:01:59]} fxe5 {[%emt 0:03:11]} 31. Qb4 {[%emt 0:00:22]} Nf7 {[%emt 0:04:57]} 32. g3 {[%emt 0:06:49]} h4 {[%emt 0:00:45]} 33. g4 {[%emt 0:00:10]} Ka7 {[%emt 0:00:33]} 34. c4 {[%emt 0:01:08]} Nd8 {[%emt 0:00:46]} 35. Ng7 {[%emt 0:04:04]} Rg8 {[%emt 0:02:17]} 36. Qe7 {[%emt 0:00:14]} Bf4 {[%emt 0:02:46]} 37. c5 {[%emt 0:00:23]} Kb8 {[%emt 0:00:08]} 38. Nf5 {[%emt 0:00:34]} 1-0

[Event "WALTON BAN-chT 2019"]
[Site "Bangladesh"]
[Date "2019.12.15"]
[Round "9.11"]
[White "Kusatha, Niken"]
[Black "Abu Sufian, Shakil"]
[Result "0-1"]
[WhiteElo "1949"]
[BlackElo "2256"]
[Annotator "TA"]
[PlyCount "60"]
[EventDate "2019.12.07"]
[EventType "team-tourn"]
[EventCountry "BAN"]
[SourceTitle "playchess.com"]
[Source "ChessBase"]
[SourceQuality "1"]

{[%evp 13,60,2,9,-51,-48,-55,-49,-121,-120,-120,-97,-135,-105,-123,-131,-152,-135,-229,-222,-221,-225,-229,-221,-236,-235,-235,-235,-249,-240,-265,-258,-248,-258,-248,-243,-287,-287,-290,-239,-264,-272,-244,-250,-229,-241,-257,-256,-261,-234]} 1. e4 c6 2. d4 d5 3. Nd2 dxe4 4. Nxe4 Bf5 5. Ng3 Bg6 6. h4 h6 7. h5 Bh7 8. Bd3 {B18: Classical Caro-Kann: 4...Bf5 sidelines} (8. Nf3 $11) (8. Nf3 e6 9. Bd3 Bxd3 10. Qxd3 Nf6 11. Bd2 Be7 12. O-O-O O-O 13. Ne4 Nxe4 14. Qxe4 Qd5 15. Qxd5 cxd5 16. g4 Nc6 17. c3 Rac8 18. Rdg1 f6 19. Bf4 e5 20. Be3 Bd6 {0-1 (44) Savchenko,B (2585)-Popov,I (2609) Sochi 2017}) 8... Qxd4 $15 9. Nf3 Qd6 10. Qe2 $146 ({Better is} 10. Bxh7 $15 Qxd1+ 11. Kxd1 Rxh7 12. Ke2) ({Predecessor:} 10. Bxh7 Qxd1+ 11. Kxd1 Rxh7 12. Bf4 Nf6 13. Kd2 Nbd7 14. Bc7 Nd5 15. Be5 Nxe5 16. Nxe5 {0-1 (32) Adamala,J (1322)-Hagner,B Prague 2016}) 10... Bxd3 $17 11. cxd3 Nf6 12. Nf5 Qd5 13. Ne3 Qd8 14. O-O e6 15. Nf5 (15. Ne5 $17) 15... Qd5 $19 ({Don't take} 15... Nxh5 16. Ne5 $17) 16. Ng3 Nxh5 17. Ne4 Be7 18. Bd2 Nd7 19. Nc3 Qf5 20. Ne4 Nf4 21. Qe3 Nd5 22. Qe2 O-O 23. Nd4 Qg6 24. Rac1 e5 25. Nb3 f5 26. Nec5 Nxc5 27. Nxc5 Bxc5 28. Rxc5 Qd6 29. b4 Rae8 30. Rd1 Kh8 {Accuracy: White = 22%, Black = 67%.} 0-1

[Event "WALTON BAN-chT 2019"]
[Site "Bangladesh"]
[Date "2019.12.15"]
[Round "9.12"]
[White "Subrota, Biswas"]
[Black "Mezanur, Rahman"]
[Result "1-0"]
[WhiteElo "2134"]
[BlackElo "1809"]
[Annotator "TA"]
[PlyCount "85"]
[EventDate "2019.12.07"]
[EventType "team-tourn"]
[EventCountry "BAN"]
[SourceTitle "playchess.com"]
[Source "ChessBase"]
[SourceQuality "1"]

{[%evp 11,84,0,12,-75,-68,-58,78,74,95,53,66,55,79,75,90,85,100,73,66,67,92,92,107,73,93,75,108,104,106,101,110,99,107,5,10,16,17,-92,-100,-115,19,-139,0,0,38,20,89,80,87,85,56,-209,-53,-86,90,89,381,364,854,833,883,840,938,712,703,677,608,0,12840,1550,29992,29993,29996,29997,29997]} 1. d4 Nf6 2. c4 e6 3. Nf3 b6 4. a3 Bb7 5. Nc3 Be7 6. Qc2 c5 7. d5 {E12: Queen's Indian: Unusual White 4th moves, 4 a3, 4 Nc3 Bb7 5 a3 and 4 Nc3 Bb7} (7. e4 $11) (7. e4 cxd4 8. Nxd4 d6 9. Be2 Qc7 10. Be3 Nbd7 11. O-O O-O 12. Rac1 Rac8 13. f3 a6 14. b4 Qb8 {0-1 (35) Mikrut,D (2404)-Lewicki,M (2323) Krakow 2017}) 7... exd5 $17 8. cxd5 d6 (8... Nxd5 $15 {keeps the upper hand.} 9. Nxd5 Bxd5) 9. e4 $16 {White is better.} Nbd7 $146 ({Predecessor:} 9... O-O 10. Be2 Ne8 11. O-O Na6 12. Bf4 Nac7 13. Rad1 Ba6 14. Bxa6 Nxa6 {1-0 (47) Rabe,K-Hausmann,M Ratzeburg 1997}) 10. h3 O-O 11. Bf4 a6 12. a4 Re8 13. Be2 Nf8 14. O-O Ng6 15. Bh2 Nd7 16. Nd2 Qc7 17. Rad1 Bf6 18. Nc4 Nde5 19. Ne3 $1 Rad8 20. Kh1 Bc8 21. f4 Nd7 22. g3 (22. Rde1 $16) 22... Bxc3 $11 23. bxc3 Nf6 24. Bf3 (24. f5 $11 {keeps the balance.}) 24... Bxh3 $17 25. Rg1 Bd7 (25... h5 $17 26. Rd2 Qe7) 26. Nf5 $2 (26. g4 $1 $11 Nh4 27. g5 Nxf3 28. gxf6 Nxg1 29. Rxg1) 26... Bxf5 ({Black should try} 26... h5 $17 {...Bxf5 is the strong threat.} 27. Ne3 Rb8) 27. exf5 $11 Ne7 {Threatens to win with ...h5.} 28. g4 $1 b5 (28... Nd7 $11) 29. g5 $16 Nd7 30. axb5 axb5 31. g6 $2 {[%mdl 8192]} (31. f6 $1 $14 {stays ahead.}) 31... hxg6 $2 (31... fxg6 $1 $19 32. fxg6 Nxg6) 32. fxg6 $15 Nxg6 $2 (32... fxg6 $17 {And now ...Nf6 would win.} 33. Bg4 Nf8) 33. Qg2 $16 Kf8 $2 {[%mdl 8192]} (33... Re3 $16 {might work better.}) 34. f5 $18 Nge5 $2 (34... Nf6 35. fxg6 fxg6 36. Qxg6 Qf7) 35. Qxg7+ Ke7 36. Bxe5 {Threatening mate with f6+.} dxe5 37. Rg6 {[%csl Gd5,Gf5][%cal Rg6e6]} Rh8+ 38. Kg1 {[%csl Gd5,Gf5][%cal Rg6e6]} Rdg8 {[#]} 39. f6+ $2 $40 {[%mdl 128] White has some attack.} (39. Qxh8 $1 $18 {[%mdl 512]} Rxh8 40. d6+ Qxd6 41. Rgxd6) 39... Ke8 $2 {[%mdl 8192]} (39... Kd6 $11 40. Qxf7 Nf8 41. Qxc7+ Kxc7 42. d6+ Kd8 43. Rxg8 Rxg8+ 44. Kf2 Rg6) 40. d6 (40. Qxg8+ $142 Rxg8 41. Rxg8+ Nf8 42. d6) 40... Qb6 41. Qxg8+ Rxg8 42. Rxg8+ Nf8 {Accuracy: White = 47%, Black = 20%.} 43. d7+ 1-0

[Event "WALTON BAN-chT 2019"]
[Site "Bangladesh"]
[Date "2019.12.16"]
[Round "10.1"]
[White "Jobava, Baadur"]
[Black "Mohammad Minhaz Uddin"]
[Result "1-0"]
[WhiteElo "2604"]
[BlackElo "2324"]
[Annotator "TA"]
[PlyCount "35"]
[EventDate "2019.12.07"]
[EventType "team-tourn"]
[EventCountry "BAN"]
[SourceTitle "playchess.com"]
[Source "ChessBase"]
[SourceQuality "1"]

{[%evp 10,35,43,29,53,43,104,100,104,102,102,88,268,272,274,197,238,260,441,281,239,242,1233,1218,29978,29979,4674,3791]} 1. d4 Nf6 2. Bg5 Ne4 3. Bf4 d5 4. f3 Nf6 5. Nc3 Bf5 6. g4 Bg6 {A45: Trompowsky Attack} 7. h4 {And now h5 would win.} h5 ({Better is} 7... h6 $1 $14) (7... h6 8. e3 e6 9. Bd3 Bxd3 10. Qxd3 Nc6 11. Nge2 a6 12. O-O-O {1-0 (39) Kovalev,V (2546)-Agrest,E (2596) Berlin 2015}) 8. g5 $16 Ng8 {White is better.} 9. e4 e6 10. exd5 {Black must now prevent Qe2.} exd5 $2 (10... Bd6 $16 {is a better defense.}) 11. Qe2+ $18 Ne7 12. O-O-O c6 $146 {[#]} ({Predecessor:} 12... a6 13. Bh3 Nbc6 14. Qh2 {1-0 (35) Ulankov,A (2086)-Isakichev,Y (2088) Gorodets 2011}) 13. Bh3 $1 Na6 $2 (13... Nd7 {keeps fighting.} 14. Rh2 Qa5) 14. Re1 {Hoping for Nb5!} Nb4 15. Nb5 Qb6 $2 (15... Nd3+ 16. cxd3 cxb5) 16. Nc7+ {[%mdl 64] Double Attack} Kd8 {[#]} 17. Qe5 $1 {[%cal Re5d6][%mdl 512]} Nxa2+ 18. Kd1 {Accuracy: White = 76%, Black = 17%.} 1-0

[Event "WALTON BAN-chT 2019"]
[Site "Bangladesh"]
[Date "2019.12.16"]
[Round "10.2"]
[White "Ahmed, Sheikh Nasir"]
[Black "Murshed, Niaz"]
[Result "1/2-1/2"]
[WhiteElo "2187"]
[BlackElo "2413"]
[Annotator "ChessBase"]
[PlyCount "147"]
[EventDate "2019.12.07"]
[EventType "team-tourn"]
[EventCountry "BAN"]
[SourceTitle "playchess.com"]
[Source "ChessBase"]
[SourceQuality "1"]
[TimeControl "5400+30"]

1. e4 {[%emt 0:00:00]} e6 {[%emt 0:00:00]} 2. d4 {[%emt 0:00:04]} d5 {[%emt 0:00:00]} 3. Nc3 {[%emt 0:00:06]} Bb4 {[%emt 0:00:00]} 4. e5 {[%emt 0:00:13]} c5 {[%emt 0:00:12]} 5. a3 {[%emt 0:00:11]} Bxc3+ {[%emt 0:00:07]} 6. bxc3 {[%emt 0:00:07]} Qc7 {[%emt 0:00:09]} 7. Qg4 {[%emt 0:00:52]} f6 {[%emt 0:00:39]} 8. Qg3 {[%emt 0:12:52]} Nc6 {[%emt 0:03:33]} 9. exf6 {[%emt 0:03:18]} Qxg3 {[%emt 0:00:08]} 10. hxg3 {[%emt 0:00:02]} Nxf6 {[%emt 0:00:10]} 11. dxc5 {[%emt 0:04:13]} e5 {[%emt 0:01:23]} 12. Nf3 {[%emt 0:00:38]} a6 {[%emt 0:03:49]} 13. Bg5 {[%emt 0:11:39]} Bf5 {[%emt 0:04:21]} 14. c4 {[%emt 0:11:57]} d4 {[%emt 0:10:33]} 15. Bd3 {[%emt 0:06:36]} e4 {[%emt 0:09:54]} 16. Bxf6 {[%emt 0:00:35]} O-O {[%emt 0:04:43]} 17. Nxd4 {[%emt 0:04:22]} Nxd4 {[%emt 0:21:46]} 18. Bxd4 {[%emt 0:00:40]} exd3 {[%emt 0:00:04]} 19. c3 {[%emt 0:03:37]} Be6 {[%emt 0:08:41]} 20. Rb1 {[%emt 0:01:29]} Rf7 {[%emt 0:00:18]} 21. Kd2 {[%emt 0:07:11]} Bxc4 {[%emt 0:01:19]} 22. Rhe1 {[%emt 0:00:13]} Bb5 {[%emt 0:02:18]} 23. f3 {[%emt 0:02:48]} Re8 {[%emt 0:01:50]} 24. Rxe8+ {[%emt 0:02:29]} Bxe8 {[%emt 0:00:06]} 25. Rb4 {[%emt 0:01:28]} Re7 {[%emt 0:04:39]} 26. Kxd3 {[%emt 0:00:47]} Bb5+ {[%emt 0:00:05]} 27. c4 {[%emt 0:00:14]} Bc6 {[%emt 0:00:03]} 28. Rb1 {[%emt 0:00:49]} h5 {[%emt 0:01:00]} 29. Rh1 {[%emt 0:00:18]} g6 {[%emt 0:00:05]} 30. Be3 {[%emt 0:02:50]} Rd7+ {[%emt 0:00:48]} 31. Ke2 {[%emt 0:09:12]} Ba4 {[%emt 0:00:56]} 32. Rh4 {[%emt 0:00:21]} Bd1+ {[%emt 0:05:41]} 33. Ke1 {[%emt 0:01:54]} Bc2 {[%emt 0:01:01]} 34. c6 {[%emt 0:05:27]} bxc6 {[%emt 0:00:19]} 35. g4 {[%emt 0:00:03]} hxg4 {[%emt 0:04:48]} 36. Rxg4 {[%emt 0:00:03]} Bf5 {[%emt 0:00:05]} 37. Rf4 {[%emt 0:01:26]} Rd3 {[%emt 0:00:10]} 38. Bc5 {[%emt 0:00:12]} Rc3 {[%emt 0:00:59]} 39. g4 {[%emt 0:02:48]} Be6 {[%emt 0:02:19]} 40. Rf6 {[%emt 0:00:36]} Bf7 {[%emt 0:03:33]} 41. Kf2 {[%emt 0:00:57]} Rxc4 {[%emt 0:00:28]} 42. Rxc6 {[%emt 0:00:17]} g5 {[%emt 0:01:12]} 43. Ke3 {[%emt 0:01:12]} a5 {[%emt 0:02:16]} 44. Kd3 {[%emt 0:00:49]} Rf4 {[%emt 0:00:22]} 45. Be3 {[%emt 0:00:24]} Rxf3 {[%emt 0:00:27]} 46. Rc5 {[%emt 0:00:04]} a4 {[%emt 0:00:17]} 47. Rxg5+ {[%emt 0:00:04]} Kh7 {[%emt 0:00:07]} 48. Ke4 {[%emt 0:01:14]} Rf1 {[%emt 0:01:01]} 49. Ra5 {[%emt 0:00:43]} Bb3 {[%emt 0:00:27]} 50. Bf4 {[%emt 0:00:30]} Re1+ {[%emt 0:01:11]} 51. Kf5 {[%emt 0:00:20]} Re7 {[%emt 0:00:49]} 52. Be5 {[%emt 0:00:26]} Rf7+ {[%emt 0:01:11]} 53. Kg5 {[%emt 0:00:23]} Re7 {[%emt 0:00:22]} 54. Rc5 {[%emt 0:02:24]} Ba2 {[%emt 0:00:53]} 55. Kf5 {[%emt 0:00:23]} Rf7+ {[%emt 0:01:28]} 56. Ke4 {[%emt 0:01:21]} Kg6 {[%emt 0:00:51]} 57. Bf4 {[%emt 0:01:08]} Re7+ {[%emt 0:00:16]} 58. Kf3 {[%emt 0:00:07]} Bb3 {[%emt 0:00:43]} 59. Rh5 {[%emt 0:00:18]} Bd1+ {[%emt 0:01:11]} 60. Kg3 {[%emt 0:00:12]} Bc2 {[%emt 0:01:12]} 61. Rh6+ {[%emt 0:00:03]} Kg7 {[%emt 0:00:05]} 62. Rc6 {[%emt 0:00:24]} Bg6 {[%emt 0:00:30]} 63. Kh4 {[%emt 0:00:19]} Be8 {[%emt 0:00:48]} 64. Ra6 {[%emt 0:00:17]} Bb5 {[%emt 0:00:32]} 65. Rb6 {[%emt 0:00:10]} Bc4 {[%emt 0:00:19]} 66. Kg5 {[%emt 0:00:21]} Bb3 {[%emt 0:00:11]} 67. Bd6 {[%emt 0:00:27]} Rd7 {[%emt 0:00:30]} 68. Be5+ {[%emt 0:00:10]} Kf7 {[%emt 0:00:03]} 69. Rf6+ {[%emt 0:01:17]} Ke7 {[%emt 0:00:02]} 70. Kg6 {[%emt 0:01:07]} Bc2+ {[%emt 0:00:30]} 71. Kg7 {[%emt 0:01:51]} Rd5 {[%emt 0:00:11]} 72. Bf4 {[%emt 0:00:20]} Kd7 {[%emt 0:01:21]} 73. g5 {[%emt 0:00:24]} Rf5 {[%emt 0:00:20]} 74. Rxf5 {[%emt 0:01:08]} 1/2-1/2

[Event "WALTON BAN-chT 2019"]
[Site "Bangladesh"]
[Date "2019.12.16"]
[Round "10.3"]
[White "Mchedlishvili, Mikheil"]
[Black "Islam, Khandaker Aminul"]
[Result "1-0"]
[WhiteElo "2567"]
[BlackElo "2206"]
[Annotator "TA"]
[PlyCount "97"]
[EventDate "2019.12.07"]
[EventType "team-tourn"]
[EventCountry "BAN"]
[SourceTitle "playchess.com"]
[Source "ChessBase"]
[SourceQuality "1"]

{[%evp 12,97,22,22,22,25,12,27,62,56,51,41,60,57,108,102,116,109,109,107,127,117,122,92,114,118,143,125,129,123,139,130,218,191,282,275,300,302,311,286,274,282,325,239,293,256,341,367,341,305,276,297,454,385,489,405,386,387,748,329,357,353,350,350,347,345,343,331,390,380,438,429,538,519,763,743,888,877,1022,971,1154,1108,29983,29984,29989,29990,29987,29988]} 1. c4 e6 2. Nf3 d5 3. d4 Nf6 4. Nc3 Bb4 5. cxd5 exd5 6. Bg5 h6 7. Bh4 O-O {D38: Queen's Gambit Declined: Ragozin Defence (4 Nf3 Bb4)} 8. e3 Bf5 9. Qb3 (9. Be2 Nbd7 10. Qb3 Bxc3+ 11. Qxc3 g5 12. Bg3 Ne4 13. Qa5 c5 14. Qxd8 Rfxd8 15. dxc5 Ndxc5 {½-½ (71) Grischuk,A (2766)-Dubov,D (2700) Paris 2019}) 9... Nc6 {White has an edge.} 10. Bxf6 Qxf6 11. Qxd5 Rfe8 {White must now prevent ...Be4.} 12. Be2 Be4 (12... Na5 $1 $14 13. Qb5 c5) 13. Qh5 $1 $16 Bg6 $146 ({Predecessor:} 13... g6) 14. Qb5 a6 15. Qa4 Rad8 16. O-O Bd6 17. a3 Bf5 18. Rac1 g5 19. Ne1 Qg6 20. Qd1 g4 21. g3 Bf8 {[#]} (21... Ne7 $16) 22. Ng2 $1 $18 Ne5 (22... Qg5 {keeps fighting.} 23. Nh4 Bc8) 23. Nh4 Qg5 {Now ...c5 and Black clings on.} 24. Qb3 Nf3+ 25. Nxf3 gxf3 26. Bxf3 c5 27. Ne2 ({Don't play} 27. Qxb7 cxd4 28. exd4 Rxd4 $18) 27... Be6 28. Qxb7 Rb8 29. Qxa6 Rxb2 30. Nf4 cxd4 31. exd4 Ra2 (31... Rb3 {might work better.}) 32. a4 Bd7 33. Bc6 Bxc6 34. Qxc6 ({Resist} 34. Rxc6 Qf5 $18) 34... Rd8 $2 {[#]} (34... Qd8 35. Rc4 Ra3) 35. Qc4 (35. Ne6 $142 $1 Qd5 (35... fxe6 36. Qxe6+) 36. Nxd8 Qxd8 37. d5) 35... Ra3 36. Rc3 Rxc3 37. Qxc3 Bg7 38. Rd1 Qg4 39. Rd3 Qd7 40. a5 {[%cal Ba4a5,Ba5a6,Ba6a7][%mdl 32]} Qb5 41. Qc5 Qb1+ 42. Kg2 Qb2 43. d5 Qe5 44. Re3 Qf5 45. a6 Bf8 46. Qc6 Bd6 47. Re8+ {White mates.} Rxe8 48. Qxe8+ Kg7 49. a7 {Accuracy: White = 87%, Black = 34%.} 1-0

[Event "WALTON BAN-chT 2019"]
[Site "Bangladesh"]
[Date "2019.12.16"]
[Round "10.4"]
[White "Subrota, Biswas"]
[Black "Mohammad Fahad, Rahman"]
[Result "1-0"]
[WhiteElo "2134"]
[BlackElo "2294"]
[Annotator "ChessBase"]
[PlyCount "85"]
[EventDate "2019.12.07"]
[EventType "team-tourn"]
[EventCountry "BAN"]
[SourceTitle "playchess.com"]
[Source "ChessBase"]
[SourceQuality "1"]
[TimeControl "5400+30"]

1. d4 {[%emt 0:00:00]} Nf6 {[%emt 0:00:00]} 2. Nf3 {[%emt 0:00:00]} e6 {[%emt 0:00:00]} 3. c4 {[%emt 0:00:00]} b6 {[%emt 0:00:16]} 4. a3 {[%emt 0:00:00]} Bb7 {[%emt 0:00:47]} 5. Nc3 {[%emt 0:00:00]} d5 {[%emt 0:00:16]} 6. cxd5 {[%emt 0:00:13]} Nxd5 {[%emt 0:00:13]} 7. Qc2 {[%emt 0:01:30]} Nxc3 {[%emt 0:00:33]} 8. bxc3 {[%emt 0:00:30]} Nd7 {[%emt 0:00:27]} 9. e4 {[%emt 0:01:05]} c5 {[%emt 0:00:39]} 10. Bd3 {[%emt 0:00:30]} Qc7 {[%emt 0:00:15]} 11. Qd2 {[%emt 0:02:25]} Be7 {[%emt 0:04:56]} 12. O-O {[%emt 0:00:19]} O-O {[%emt 0:03:11]} 13. Qe2 {[%emt 0:05:50]} Rfe8 {[%emt 0:07:30]} 14. Ra2 {[%emt 0:03:27]} a6 {[%emt 0:06:33]} 15. a4 {[%emt 0:05:21]} c4 {[%emt 0:03:10]} 16. Bc2 {[%emt 0:16:07]} b5 {[%emt 0:10:45]} 17. Ba3 {[%emt 0:01:43]} Bxa3 {[%emt 0:04:41]} 18. Rxa3 {[%emt 0:00:00]} Bc6 {[%emt 0:00:46]} 19. Rfa1 {[%emt 0:02:38]} Reb8 {[%emt 0:02:16]} 20. Qd2 {[%emt 0:05:24]} Nf6 {[%emt 0:15:47]} 21. Qe3 {[%emt 0:01:12]} b4 {[%emt 0:09:29]} 22. cxb4 {[%emt 0:00:18]} Rxb4 {[%emt 0:00:13]} 23. Rc3 {[%emt 0:05:25]} h6 {[%emt 0:04:18]} 24. Ne5 {[%emt 0:01:01]} Rd8 {[%emt 0:04:36]} 25. a5 {[%emt 0:16:57]} Bb5 {[%emt 0:01:41]} 26. Nd3 {[%emt 0:01:54]} Qe7 {[%emt 0:04:15]} 27. Nxb4 {[%emt 0:00:02]} Qxb4 {[%emt 0:00:09]} 28. f3 {[%emt 0:00:25]} Nd7 {[%emt 0:00:50]} 29. d5 {[%emt 0:09:05]} exd5 {[%emt 0:01:23]} 30. Rd1 {[%emt 0:00:15]} Nf6 {[%emt 0:03:40]} 31. e5 {[%emt 0:00:19]} Re8 {[%emt 0:00:10]} 32. Qd4 {[%emt 0:00:15]} Nd7 {[%emt 0:01:41]} 33. f4 {[%emt 0:01:38]} Qxa5 {[%emt 0:00:39]} 34. Bf5 {[%emt 0:03:05]} Nb8 {[%emt 0:04:47]} 35. Rg3 {[%emt 0:02:29]} Nc6 {[%emt 0:00:01]} 36. Qc5 {[%emt 0:03:15]} d4 {[%emt 0:03:40]} 37. Bd7 {[%emt 0:04:31]} Qa4 {[%emt 0:00:05]} 38. Rc1 {[%emt 0:01:02]} Rd8 {[%emt 0:01:19]} 39. e6 {[%emt 0:00:01]} fxe6 {[%emt 0:01:23]} 40. Bxc6 {[%emt 0:00:12]} Kh8 {[%emt 0:01:34]} 41. Qe5 {[%emt 0:00:29]} Rg8 {[%emt 0:00:11]} 42. Rg6 {[%emt 0:00:01]} Kh7 {[%emt 0:00:53]} 43. Be4 {[%emt 0:00:01]} 1-0

[Event "WALTON BAN-chT 2019"]
[Site "Bangladesh"]
[Date "2019.12.17"]
[Round "11.1"]
[White "Mihir Lal, Das"]
[Black "Jobava, Baadur"]
[Result "0-1"]
[WhiteElo "1948"]
[BlackElo "2604"]
[Annotator "TA"]
[PlyCount "90"]
[EventDate "2019.12.07"]
[EventType "team-tourn"]
[EventCountry "BAN"]
[SourceTitle "playchess.com"]
[Source "ChessBase"]
[SourceQuality "1"]

{[%evp 11,90,-7,-2,-5,-7,-26,0,0,4,0,34,-4,-8,-1,17,-28,-8,-89,-79,-97,-90,-97,-81,-129,-122,-120,-130,-131,-150,-137,-106,-104,-122,-117,-115,-122,-113,-145,-143,-162,-164,-164,-160,-214,-206,-213,-203,-200,-196,-290,-220,-284,-294,-283,-275,-547,-524,-507,-511,-475,-454,-647,-637,-1326,-1004,-1242,-1087,-29950,-29951,-29946,-29946,-12827,-12256,-8237,-6491,-5189,-2501,-29961,-29963,-29965,-29959]} 1. Nf3 d5 2. g3 g6 3. Bg2 Bg7 4. O-O e5 5. d3 Ne7 6. c4 c6 7. e4 {A07: Réti Opening: New York and Capablanca Systems} (7. Nc3 O-O 8. Qc2 d4 9. Ne4 f5 10. Ned2 c5 11. b4 Nbc6 12. bxc5 e4 13. Ng5 h6 14. Ngxe4 fxe4 15. Nxe4 {0-1 (27) Petrosian,T (2598)-Cheparinov,I (2709) St Petersburg 2018}) 7... O-O 8. Re1 $146 ({Predecessor:} 8. exd5 cxd5 9. cxd5 Nxd5 10. Qb3 Ne7 11. Be3 Nbc6 12. Nbd2 b6 {0-1 (29) Bivol,A (2359)-Bocharov,D (2597) Cheliabinsk 2016}) 8... dxc4 9. dxc4 {The position is equal.} Na6 10. Be3 Be6 11. b3 f5 12. Qxd8 Raxd8 13. Bg5 Rde8 14. Bxe7 (14. Nc3 $11) 14... Rxe7 $17 15. Nc3 Nb4 {...Nc2 is the strong threat.} 16. Rad1 f4 17. Rd6 Bg4 {[#] Hoping for ...fxg3.} 18. gxf4 exf4 19. e5 Bxf3 20. Bxf3 Rxe5 21. Rc1 Rg5+ 22. Kf1 Bxc3 23. Rxc3 Nxa2 24. Rcd3 Nb4 25. Rd1 {intending Rd7.} Re5 26. h4 a5 27. Re1 (27. Kg2 $17 {might work better.}) 27... Rxe1+ $19 28. Kxe1 {[%mdl 4096] Endgame KRB-KRN} Na6 29. Kd2 Nc5 30. Kc2 (30. Kc3 $142) 30... Kg7 31. h5 Rf7 32. hxg6 hxg6 33. Kc3 $2 {[#]} (33. Rd4) 33... Rd7 34. Rxd7+ Nxd7 {KB-KN} 35. Kd4 g5 36. c5 (36. Bd1 $142 Kf6 37. Bg4) 36... Kf6 37. Bg4 Ne5 38. Bc8 g4 39. Bxb7 g3 40. fxg3 fxg3 41. Ke3 Ke6 42. Bc8+ Kd5 43. Bh3 Kxc5 44. Kf4 Nd3+ 45. Kxg3 Nc1 {Accuracy: White = 32%, Black = 88%.} 0-1